000 00712nam a22001937a 4500
999 _c58393
_d58393
005 20220114130238.0
008 220114s1996 enk||||| |||| 00| 0 eng d
020 _a9780198711568
041 _aeng
080 _a821.111.1 S-20
100 _aSanders, Andrew
_913383
245 _aThe Short Oxford History of English Literature
250 _aRevised edition
264 _aOxford :
_bClarendon Press,
_c1996.
300 _a718 p.
_b23 cm.
653 _aინგლისური ლიტერატურის ოქსფორდის მოკლე ისტორია
653 _aКраткая оксфордская история английской литературы
942 _2udc
_cBK